LEADER 01567nam0-22004211i-450- 001 990006867060403321 005 20101202184651.0 010 $a88-14-06916-6 035 $a000686706 035 $aFED01000686706 035 $a(Aleph)000686706FED01 035 $a000686706 100 $a20101202d1997----km-y0itay50------ba 101 0 $aita 102 $aIT 105 $ay-------001yy 200 1 $aAtti del Convegno di studi in ricordo di Giovanni Marongiu$eRoma, 10 novembre 1994 210 $aMilano$cGiuffrè$d1997 215 $a156 p.$d22 cm 225 1 $aPubblicazioni del Centro di ricerca sulle amministrazioni pubbliche Vittorio Bachelet$iCollana di quaderni$v10 300 $aIn testa al front.: LUISS, Libera università internazionale degli studi sociali Guido Carli, Centro di ricerca sulle amministrazioni pubbliche Vittorio Bachelet. 610 0 $aAmministrazione pubblica - Diritto - Congressi - 1994 610 0 $aMarongiu, Giovanni - Congressi - 1994 676 $a342.450 6 676 $a342.04 710 12$aConvegno di studi in ricordo di Giovanni Marongiu$f<1994 ;$eRoma>$0408070 712 02$aCentro di ricerca sulle amministrazioni pubbliche Vittorio Bachelet 801 0$aIT$bUNINA$gRICA$2UNIMARC 901 $aBK 912 $a990006867060403321 952 $aVI M 22 (10)$b36841*$fFGBC 952 $aII D 126$b32327$fFSPBC 952 $aCN. 23 (10$b2598$fDDCIC 959 $aFGBC 959 $aFSPBC 959 $aDDCIC 996 $aAtti del Convegno di studi in ricordo di Giovanni Marongiu$9624833 997 $aUNINA LEADER 00995nam0-22003011i-450- 001 990003093010403321 035 $a000309301 035 $aFED01000309301 035 $a(Aleph)000309301FED01 035 $a000309301 100 $a20000920d--------km-y0itay50------ba 101 0 $aita 102 $aIT 200 1 $aHow Convincing is the Evidence Linking Education and Income?$eThe Fourty-second Joseph Fisher Lecture in Commerce Given in Adelaide on October 12, 1993$fby Orley Ashenfelter. 210 $a[S.n.]$cUniversity of Adelaide Press$d\s.a\\. 215 $a12 p.$d22 cm 610 0 $aEconomia dell'educazione 610 0 $aReddito e istruzione 676 $aM/5 700 1$aAshenfelter,$bOrley Clark$f<1942- >$0121128 801 0$aIT$bUNINA$gRICA$2UNIMARC 901 $aBK 912 $a990003093010403321 952 $aA/6.0 ASH/93$bs.n.15$fSES 959 $aSES 996 $aHow Convincing is the Evidence Linking Education and Income$9459213 997 $aUNINA DB $aING01